| 000 | 01243 a2200241 4500 | ||
|---|---|---|---|
| 003 | Nust | ||
| 005 | 20230215084841.0 | ||
| 010 | _a 2011292650 | ||
| 020 | _a0131988425 | ||
| 020 | _a9780131988422 | ||
| 040 | _cNust | ||
| 082 | _a621.3822,OPP | ||
| 100 | 1 |
_aOppenheim, Alan V., _969572 |
|
| 245 | 1 | 0 |
_aDiscrete-time signal processing / _cAlan V. Oppenheim, Ronald W. Schafer. |
| 250 | _a3rd ed. | ||
| 260 |
_aUpper Saddle River : _bPearson, _cc2010. |
||
| 300 |
_axxviii, 1108 p. : _bill. ; _c25 cm. |
||
| 505 | _aIntroduction (Page-1), Discrete-time signals and systems (Page-11), The z-Transform (Page-105), Sampling of continuous-time signals (Page-163), Transform analysis of linear time-invariant systems (Page-287), Structures for discrete-time systems (Page-391), Filter design techniques (Page-517), The discrete fourier transform (Page-651), Computation of the discrete fourier transform (Page-747), Fourier analysis of signals using the discrete fourier transform (Page-827), Parametric signal modeling (Page-931), Discrete hilbert transforms (Page-985). | ||
| 650 | 0 |
_aDiscrete-time systems. _998002 |
|
| 650 | 0 |
_aSignal processing _xMathematics. _994002 |
|
| 700 | 1 |
_aSchafer, Ronald W., _d1938- _983396 |
|
| 942 |
_2ddc _cBK |
||
| 999 |
_c218125 _d218125 |
||